000 00974nam a22002177a 4500
008 131113b xxu||||| |||| 00| 0 slv d
020 _a3854283237
041 1 _aslv
_ager
080 _a339.727.2
_x(497.4)
_x(094)
100 1 _aTischler, Janko jun.
245 1 0 _aInvestieren in Slowenien = Investiranje v Sloveniji
_cJanko Tischler jun., Filip Ogris-Martic
250 _a2. Auflage
260 _aWien :
_bService Fachverlag ;
_c1995.
300 _a245 f. :
_c21 cm.
490 _aSchriftenreiche des FOWI
_aForschungsinstitut für mittel-und Osteuropäisches wirtschaftsrecht
_aInstitute for Central- and Eastern European Business Law
_vBand 3
500 _a[Titulli dhe teksti në gjuhën gjermane dhe sllovene]
500 _aPredgovor izdajateljev : f. [I]
500 _aVorwort der herausgeber : f. [III]
650 0 _aInvestime
_zSllovenia
942 _2udc
_cBK
999 _c303
_d303